|
|
|
|
| LEADER |
00000cas a2200000 c 4500 |
| 001 |
167113992 |
| 003 |
DE-627 |
| 005 |
20230409014250.0 |
| 007 |
tu |
| 008 |
941030d19411957dk z| p| 0 |0dan c |
| 016 |
7 |
|
|a 01227352X
|2 DE-101
|
| 016 |
7 |
|
|a 411734-7
|2 DE-600
|
| 035 |
|
|
|a (DE-627)167113992
|
| 035 |
|
|
|a (DE-576)50807276X
|
| 035 |
|
|
|a (DE-599)ZDB411734-7
|
| 035 |
|
|
|a (OCoLC)183222235
|
| 040 |
|
|
|a DE-627
|b ger
|c DE-627
|e rakwb
|
| 041 |
|
|
|a dan
|
| 044 |
|
|
|c XA-DK
|
| 082 |
0 |
4 |
|a 230
|q DE-600
|
| 084 |
|
|
|a 1
|2 ssgn
|
| 245 |
0 |
0 |
|a Dansk teologisk tidsskrift
|n 2. Afdeling = Teologiske studier
|
| 246 |
1 |
|
|i Ansetzungssachtitel
|a Dansk teologisk tidsskrift / 2
|
| 246 |
3 |
3 |
|a Teologiske studier
|
| 264 |
3 |
1 |
|a København
|b Gad
|c 1941-1957
|
| 336 |
|
|
|a Text
|b txt
|2 rdacontent
|
| 337 |
|
|
|a ohne Hilfsmittel zu benutzen
|b n
|2 rdamedia
|
| 338 |
|
|
|a Band
|b nc
|2 rdacarrier
|
| 362 |
0 |
|
|a 1.1941 - 15.1955; N.S. 1.1956 - 2.1957
|
| 363 |
0 |
0 |
|a 1
|i 1941
|
| 363 |
1 |
0 |
|a 15
|i 1955
|
| 655 |
|
7 |
|a Zeitschrift
|0 (DE-588)4067488-5
|0 (DE-627)10454466X
|0 (DE-576)20917000X
|2 gnd-content
|
| 785 |
0 |
0 |
|i Forts.
|t Kirkehistoriske studier
|d København : Forl. Anis, 1958
|w (DE-627)129977993
|w (DE-600)411735-9
|w (DE-576)033718245
|k Non-Electronic
|
| 951 |
|
|
|a JT
|
| CAN |
|
|
|a 1
|c 1
|
| ELC |
|
|
|b 1
|
| ORI |
|
|
|a SA-MARC-ixtheo_oa001.raw
|
| REL |
|
|
|a 1
|c 1
|
| SPR |
|
|
|a 1
|t CAN
|t IXT
|